| 000 | 00485nam a2200193Ia 4500 | ||
|---|---|---|---|
| 008 | 220531s9999 xx 000 0 und d | ||
| 041 | _aeng | ||
| 082 | _bSHI | ||
| 100 |
_aShinde, D. B. &. Others _969049 |
||
| 245 | _aElements Of Company Law | ||
| 250 | _a1ST | ||
| 260 |
_aPune _bIDOL Publications _c2014 |
||
| 300 | _a10.3 | ||
| 542 | _d04-09-2014 | ||
| 551 |
_aCommerce _bNon-grant--C |
||
| 650 |
_acommerce _969050 |
||
| 906 |
_d2014-2015 _f1034 |
||
| 999 |
_c38756 _d38756 |
||